ARRUPE JESUIT UNIVERSITY

CORONAVIRUS -STOP THE SPREAD - CLEAN,DISINFECT,COVER

Refugees in Botswana in the light of international law / (Record no. 124527)

MARC details
000 -LEADER
fixed length control field 01303cam a2200313 a 4500
001 - CONTROL NUMBER
control field 1547050
003 - CONTROL NUMBER IDENTIFIER
control field ARRUPE
005 - DATE AND TIME OF LATEST TRANSACTION
control field 20160404122918.0
008 - FIXED-LENGTH DATA ELEMENTS--GENERAL INFORMATION
fixed length control field 910205s1990 sw b b 000 0 eng
010 ## - LIBRARY OF CONGRESS CONTROL NUMBER
LC control number 91113724
020 ## - INTERNATIONAL STANDARD BOOK NUMBER
International Standard Book Number 9171063048
040 ## - CATALOGING SOURCE
Original cataloging agency DLC
Transcribing agency DLC
Modifying agency DLC
043 ## - GEOGRAPHIC AREA CODE
Geographic area code f-bs---
050 00 - LIBRARY OF CONGRESS CALL NUMBER
Classification number KQK215.5R43Z48
082 00 - DEWEY DECIMAL CLASSIFICATION NUMBER
Classification number 342.6883/083
-- 346.8830283
Edition number 20
300 ## - PHYSICAL DESCRIPTION
Other physical details maps ;
Dimensions 25 cm.
100 1# - MAIN ENTRY--PERSONAL NAME
Personal name Zetterqvist, Jenny.
9 (RLIN) 23529
245 10 - TITLE STATEMENT
Title Refugees in Botswana in the light of international law /
Statement of responsibility, etc Jenny Zetterqvist.
260 ## - PUBLICATION, DISTRIBUTION, ETC. (IMPRINT)
Place of publication, distribution, etc Uppsala :
Name of publisher, distributor, etc Scandinavian Institute of African Studies,
Date of publication, distribution, etc 1990.
300 ## - PHYSICAL DESCRIPTION
Extent 83 p.;
490 1# - SERIES STATEMENT
Series statement Research report,
International Standard Serial Number 0080-6714 ;
Volume number/sequential designation no. 87
501 ## - WITH NOTE
With note With: Refugees in a chess game / Medard Rwelamira. Uppsala : Scandinavian Institute of African Studies, 1990. Bound together subsequent to publication.
Institution to which field applies DLC
504 ## - BIBLIOGRAPHY, ETC. NOTE
Bibliography, etc Includes bibliographical references (p. 78-83).
650 #0 - SUBJECT ADDED ENTRY--TOPICAL TERM
Topical term or geographic name as entry element Political refugees
General subdivision Legal status, laws, etc.
Geographic subdivision Botswana.
9 (RLIN) 23530
650 #0 - SUBJECT ADDED ENTRY--TOPICAL TERM
Topical term or geographic name as entry element Asylum, Right of
Geographic subdivision Botswana.
9 (RLIN) 23531
830 #0 - SERIES ADDED ENTRY--UNIFORM TITLE
Uniform title Research report (Nordiska Afrikainstitutet) ;
Volume number/sequential designation no. 87.
9 (RLIN) 23532
906 ## - LOCAL DATA ELEMENT F, LDF (RLIN)
a 7
b cbc
c orignew
d 3
e ncip
f 19
g y-gencatlg
942 ## - ADDED ENTRY ELEMENTS (KOHA)
Source of classification or shelving scheme Library of Congress Classification
Koha item type Monograph ( Printed materials)
Holdings
Withdrawn status Lost status Source of classification or shelving scheme Damaged status Not for loan Collection code Home library Current library Shelving location Date acquired Total Checkouts Full call number Barcode Date last seen Price effective from Koha item type
    Library of Congress Classification     Main Collection ARRUPE LIBRARY ARRUPE LIBRARY Main Collection 04/04/2016   KQK215.5R43Z48 46500007116 04/04/2016 04/04/2016 Monograph ( Printed materials)

 

Arrupe Library. PO Box MP320 Mt Pleasant, Harare, Zimbabwe
263 242 745411|librarian@aju.ac.zw